| 000 | 00838cam a22002771 4500 | ||
|---|---|---|---|
| 999 |
_c20858 _d20858 |
||
| 001 | 9342575 | ||
| 003 | OSt | ||
| 005 | 20170120145110.0 | ||
| 008 | 771221r1957uuuunyua 000 0 eng | ||
| 010 | _a 57010560 | ||
| 035 | _a(OCoLC)3507774 | ||
| 040 |
_aDLC _cMiEM _dOCoLC _dDLC |
||
| 042 | _apremarc | ||
| 050 | 0 | 0 |
_aNC1479.S39 _bA47 1957 |
| 082 | _a741.5 | ||
| 100 | 1 |
_aSearle, Ronald, _d1920-2011. |
|
| 245 | 1 | 0 | _aMerry England, etc. |
| 250 | _a[1st American ed.] | ||
| 260 |
_aNew York, _bKnopf, _c1957 [c1956] |
||
| 300 |
_a117 p. _billus. _c26 cm. |
||
| 500 | _aCartoons. | ||
| 650 | 0 | _aEnglish wit and humor, Pictorial. | |
| 906 |
_a7 _bcbc _coclcrpl _du _encip _f19 _gy-gencatlg |
||
| 942 |
_2lcc _cBOOKS _hNC 1471 .S43 1956 |
||